• 首页
  • 本馆介绍
  • 公告通知
  • 最新文献
  • 馆藏检索
  • 电子资源
  • 读者导购
  • 参考咨询
  • 我的图书馆
  • 登录
  • 详细信息显示
  • 放入我的书架
  • 预约/预借图书
  • 作者相关作品
  • 分类相关作品
  • 丛书相关作品
  • 出版社相关作品

书目信息

  • 表格格式
  • 工作单格式
  • 卡片格式
题名:
创客
    
 
作者: 安德森 著 ;萧潇 译
分册:  
出版信息: 北京   中信出版集团股份有限公司  2015
页数: 27,313页
开本: 21cm
丛书名:
单 册:
中图分类: F419
科图分类:
主题词: 产业革命--Chan Ye Ge Ming--研究--世界--现代
电子资源:
ISBN: 978-7-5086-5167-5
000 01061nam0 22002891 450
001 349530
005 20161009094146.95
010    @a978-7-5086-5167-5@b精装@dCNY59.00
100    @a20150708d2015 em y0chiy50 ea
101 1  @achi@ceng
102    @aCN@b110000
105    @aa z 000yy
106    @ar
200 1  @a创客@AChuang Ke@e新工业革命@dMakers@ethe new industrial revolution@f(美)克里斯·安德森(Chris Anderson)著@g萧潇译@zeng
205    @a2版
210    @a北京@c中信出版集团股份有限公司@d2015
215    @a27,313页@c图@d21cm
300    @a中信前沿趋势、经济系列
330    @a本书作者深入到新工业革命的前沿阵地,深入考察了创业者是如何使用开源设计和3D打印,将制造业搬上自家桌面的。
510 1  @aMakers@ethe new industrial revolution@zeng
517 1  @a新工业革命@AXin Gong Ye Ge Ming
606 0  @a产业革命@AChan Ye Ge Ming@x研究@y世界@z现代
690    @aF419@v5
701  0 @c(美)@a安德森@AAn De Sen@c(Anderson, Chris)@4著
702  0 @a萧潇@AXiao Xiao@c(新闻翻译)@4译
801  0 @aCN@bTANGWEI@20160730
905    @b0885475-9@dF419@e15=2@f5
    
    创客:新工业革命=Makers:the new industrial revolution/(美)克里斯·安德森(Chris Anderson)著/萧潇译.-2版.-北京:中信出版集团股份有限公司,2015
    27,313页:图;21cm
    中信前沿趋势、经济系列
    
    ISBN 978-7-5086-5167-5(精装):CNY59.00
    本书作者深入到新工业革命的前沿阵地,深入考察了创业者是如何使用开源设计和3D打印,将制造业搬上自家桌面的。
●
相关链接 在E读中查询图书 在五车中查询图书 在当当中查询图书 在豆瓣中查询图书


正题名:创客     索取号:F419/15=2         预约/预借

序号 登录号 条形码 馆藏地/架位号 状态 备注
1 0885475   208854756   第一样本阅览室/ [索取号:F419/15=2] 在馆    
2 0885476   208854765   第一借阅区/ [索取号:F419/15=2] 在馆    
3 0885477   208854774   第一借阅区/ [索取号:F419/15=2] 在馆    
4 0885478   208854783   第一借阅区/ [索取号:F419/15=2] 在馆    
5 0885479   208854792   密集书库-海洋学院/ [索取号:F419/15=2] 在馆    
唐山师范学院图书馆 欢迎您!
大连网信软件有限公司© 版权所有